| 000 | 00618 a2200241 4500 | ||
|---|---|---|---|
| 001 | 68596 | ||
| 650 | 0 |
_aTurkish fiction _97165 |
|
| 999 |
_c68596 _d18469 |
||
| 003 | TR-AnTOB | ||
| 005 | 20240925073653.0 | ||
| 008 | 080404s1994 tu tur | ||
| 020 | _a9757730157 | ||
| 041 | _atur | ||
| 050 |
_aPL248.B365 _bS36 1994 |
||
| 090 | _aPL248.B365 S36 1994 | ||
| 100 |
_aBarın, Ertunç _941295 |
||
| 245 | 0 |
_aŞansölye'nin yitik piyonları : _broman. / _cErtunç Barın. |
|
| 264 | 1 |
_aİstanbul: _bBebekus'un Kitapları, _c1994. |
|
| 300 | _a236 s. | ||
| 650 | 7 |
_aTürk romanı _2etuturkob _99421 |
|
| 902 | _a0023294 | ||
| 903 | _aSA | ||
| 942 | _cBK | ||